• 首页
  • 本馆介绍
  • 公告通知
  • 最新文献
  • 馆藏检索
  • 电子资源
  • 读者导购
  • 参考咨询
  • 我的图书馆
  • 登录
  • 详细信息显示
  • 放入我的书架
  • 预约/预借图书
  • 作者相关作品
  • 分类相关作品
  • 丛书相关作品
  • 出版社相关作品

书目信息

  • 表格格式
  • 工作单格式
  • 卡片格式
题名:
金叶文苑
    
 
作者: 李艳 , 李艳 主编
分册:  
出版信息: 济南   山东大学出版社  2021
页数: 777页
开本: 26cm
丛书名:
单 册:
中图分类: F426.89-53 , F426.89
科图分类:
主题词: 烟草工业--工业企业管理--中国--文集
电子资源:
ISBN: 978-7-5607-6913-4
000 00886nam0 2200241 450
001 2345596905
005 20231221124021.99
010    @a978-7-5607-6913-4@d88.00CNY
100    @a20210702d2021 em y0chiy0120 ea
101 0  @achi
102    @aCN@b370000
105    @aak z 000yy
200 1  @a金叶文苑@Ajin ye wen yuan@b专著@e山东省烟草学会2019年度优秀论文集@f李艳
210    @a济南@c山东大学出版社@d2021
215    @a777页@c图@d26cm
330    @a本书主要涉及烟草工业、烟草农业、烟草经济与管理、专卖与政策法规、卷烟流通和现代物流等14个专业领域,积极总结了各个专业领域学科研究和科技实践成果,促进学术交流和科技信息传递,对行业科技进步和管理创新具有推动作用。
606 0  @a烟草工业@x工业企业管理@y中国@j文集
690    @aF426.89-53@v5
690    @aF426.89@v4
701  0 @a李艳@Ali yan@4主编
701  0 @a李艳@Ali yan
801  2 @aCN@b辽宁北配@c20231205
905    @aBZT@dF426.89@e6
    
    金叶文苑:山东省烟草学会2019年度优秀论文集/李艳.-济南:山东大学出版社,2021
    777页:图;26cm
    
    
    ISBN 978-7-5607-6913-4:88.00CNY
    本书主要涉及烟草工业、烟草农业、烟草经济与管理、专卖与政策法规、卷烟流通和现代物流等14个专业领域,积极总结了各个专业领域学科研究和科技实践成果,促进学术交流和科技信息传递,对行业科技进步和管理创新具有推动作用。
●
相关链接 在五车中查询图书 在当当中查询图书 在豆瓣中查询图书


正题名:金叶文苑     索取号:F426.89/6         预约/预借

序号 登录号 条形码 馆藏地/架位号 状态 备注
1 2001683714   2001683714   516书库/ [索取号:F426.89/6] 在馆    
2 2001683715   2001683715   516书库/ [索取号:F426.89/6] 在馆    
3 2001683716   2001683716   516书库/ [索取号:F426.89/6] 在馆    
4 2001683717   2001683717   516书库/ [索取号:F426.89/6] 在馆    
5 2001683718   2001683718   516书库/ [索取号:F426.89/6] 在馆    
6 2001683719   2001683719   516书库/ [索取号:F426.89/6] 在馆    
7 2001683720   2001683720   516书库/ [索取号:F426.89/6] 在馆    
8 2001683721   2001683721   516书库/ [索取号:F426.89/6] 在馆    
9 2001683722   2001683722   516书库/ [索取号:F426.89/6] 在馆    
10 2001683723   2001683723   516书库/ [索取号:F426.89/6] 在馆    
11 2001683724   2001683724   516书库/ [索取号:F426.89/6] 在馆    
12 2001683725   2001683725   516书库/ [索取号:F426.89/6] 在馆    
13 2001683726   2001683726   516书库/ [索取号:F426.89/6] 在馆    
14 2001691524   2001691524   516书库/ [索取号:F426.89/6] 在馆    
15 2001691525   2001691525   516书库/ [索取号:F426.89/6] 在馆    
16 2001691526   2001691526   516书库/ [索取号:F426.89/6] 在馆    
17 2001691527   2001691527   516书库/ [索取号:F426.89/6] 在馆    
18 2001691528   2001691528   516书库/ [索取号:F426.89/6] 在馆    
19 2001691529   2001691529   516书库/ [索取号:F426.89/6] 在馆    
20 2001691530   2001691530   516书库/ [索取号:F426.89/6] 在馆    
21 2001691531   2001691531   516书库/ [索取号:F426.89/6] 在馆    
22 2001691532   2001691532   516书库/ [索取号:F426.89/6] 在馆    
23 2001691533   2001691533   516书库/ [索取号:F426.89/6] 在馆    
24 2001691534   2001691534   516书库/ [索取号:F426.89/6] 在馆    
25 2001691535   2001691535   516书库/ [索取号:F426.89/6] 在馆    
26 2001691536   2001691536   516书库/ [索取号:F426.89/6] 在馆    
山东省滨州职业学院图书馆 欢迎您!
大连网信软件有限公司© 版权所有